000 00629nam a22002417a 4500
003 CHAP
005 20220329141617.0
008 971013s1895 r 00010 d
010 _a70970
011 _a71942
035 _a81496
040 _cCHAP
082 _a630.24
_bG3
100 0 0 _aGain, Edmond.
_944176
245 _aPrécis de chimie agricole
260 _aParis :
_bBailliére,
_c1895
300 _a436 p.
_b: ilus.
590 _aBATCH-UPD
_b10
_c20130110
_lUCH01
_h0438
590 _aCONVERSION
_b10
_c20130109
_lUCH01
_h1339
901 _aBK
942 _cLIBRO
949 _a630.24 G3
_bBC
_cBPP
_d-34879
_eBPP
_i81496
_si
999 _c70970
_d70970